Cube Maze VII Quiz Stats

 Plays Quiz Updated Jul 1, 2018

Also try: Cube Maze VI
Challenge
Share
Tweet
Score 0/15 Timer 04:00
17 Plays Today
% Correct
???
100%
???
53.3%
???
37.5%
???
35%
???
18%
???
14.6%
???
14%
???
13.7%
% Correct
???
12.9%
???
12.4%
???
11.2%
???
10.3%
???
10.1%
???
10%
???
10%

You're not logged in!

Compare scores with friends on all Sporcle quizzes.
Join for Free
OR
Log In

You Might Also Like...

Show Comments

Extras

Top Quizzes Today


Score Distribution

Your Account Isn't Verified!

In order to create a playlist on Sporcle, you need to verify the email address you used during registration. Go to your Sporcle Settings to finish the process.

Report this User

Report this user for behavior that violates our Community Guidelines.

Details: